| 000 | 00338cam a2200145 a 4500 | ||
|---|---|---|---|
| 020 | _a067945201X | ||
| 040 | _cDLC | ||
| 082 | 0 | 0 | _a813 RDH 1997 C146 Or. |
| 100 | 1 | _aHecht, Julie. | |
| 245 | 1 | 0 | _aDo the windows open? / |
| 250 | _a1st ed. | ||
| 260 |
_aNew York : _bRandom House, _cc1997. |
||
| 300 |
_a212 p. ; _c22 cm. |
||
| 942 | _cAEDBB | ||
| 999 |
_c18468 _d18468 |
||